ALLE Bundesligisten mit 'H' - Statistiken

Allgemein
  • Dieses Quiz wurde 69 mal gespielt
  • Das Durchschnittsergebnis liegt bei 3 aus 5
Antwortstatistiken
(Ex) Bundesligist % Korrekt
Hamburger SV
84%
Hannover 96
73%
1. FC Heidenheim
52%
FC St. Pauli
41%
FC Homburg 08
29%
Keine übereinstimmenden Quizze gefunden
Verteilung der Resultate
Anzahl Personen mit jedem Resultat
Perzentil nach korrekt beantworteten Fragen
Ihre Resultats-Entwicklung
Sie haben dieses Quiz noch nicht gespielt